Enabling environment for entrepreneurship development in Africa: proceedings of a seminar on an enabling entrepreneurship... (Record no. 41802)

MARC details
000 -LEADER
fixed length control field 00786nam a2200169 a 4500
008 - FIXED-LENGTH DATA ELEMENTS--GENERAL INFORMATION
fixed length control field 100608s1990 ||||||||||||||||| || u
050 ## - LIBRARY OF CONGRESS CALL NUMBER
Classification number UN-ECA(02)
110 ## - MAIN ENTRY--CORPORATE NAME
Corporate name or jurisdiction name as entry element United Nations Economic Commission For Africa(UNECA)
245 10 - TITLE STATEMENT
Title Enabling environment for entrepreneurship development in Africa: proceedings of a seminar on an enabling entrepreneurship...
260 ## - PUBLICATION, DISTRIBUTION, ETC.
Place of publication, distribution, etc. Addis Ababa:
Name of publisher, distributor, etc. United Nations.Economic Commition for Africa
Date of publication, distribution, etc. 1990
300 ## - PHYSICAL DESCRIPTION
Extent ii, 45p.
350 ## - PRICE (NR) (BK AM CF MU VM SE) [OBSOLETE]
Price 0.00
650 #0 - SUBJECT ADDED ENTRY--TOPICAL TERM
Topical term or geographic name entry element BUSINESS
650 ## - SUBJECT ADDED ENTRY--TOPICAL TERM
Topical term or geographic name entry element ENTREPRENEURSHIP--GOVERNMENT POLICY--AFRICA
650 ## - SUBJECT ADDED ENTRY--TOPICAL TERM
Topical term or geographic name entry element SMALL BUSINESS--GOVERNMENT POLICY--AFRICA
995 ## - RECOMMENDATION 995 [LOCAL, UNIMARC FRANCE]
-- 0.00
-- CBU-MAIN LIBRARY (Kitwe)
-- 1
-- 0.00
-- 1
-- AVAILABLE
-- Jun 8, 2010
-- International Publications
Holdings
Withdrawn status Lost status Source of classification or shelving scheme Damaged status Not for loan Home library Current library Shelving location Date acquired Total Checkouts Full call number Barcode Date last seen Price effective from Koha item type
          CBU-MAIN LIBRARY, KITWE. CBU-MAIN LIBRARY, KITWE.   11/30/2022   UN-ECA(02) 03006398 11/30/2022 11/30/2022 MONOGRAPH